000 00911nam a22002417a 4500
003 DO-SdBNP
005 20240212080144.0
006 a||||gr|||| 00| 0
007 ta
008 240209t1971 sp ac||| |||| 00| 0 spa d
040 _aDO-SdBNP
_bspa
_cBNPHU
_erda
082 4 _222
_bT253c
245 0 0 _aTeatro contemporaneo hispanoamericano:
_bArgentina, Cuba, El Salvador, Guatemala, Panamá, Puerto Rico /
_cPrólogo, selección y notas, Orlando Rodríguez -Sardiña y Carlos Miguel Suarez Radillo
264 4 _aMadrid, España :
_bESCELICER,
_c1971
300 _a555 páginas :
_bIustraciones ;
_c17 cm.
336 _2rdacontent
_atexto
_btxt
337 _2rdamedia
_asin mediación
_bn
338 _2rdacarrier
_avolumen
_bnc
590 _aInventariado 2024 / MF
700 1 _aRodríguez -Sardiñas, Orlando
_ecompilador
_984883
700 1 _aSuarez Radillo, Carlos Miguel
_ecompilador
_984884
942 _2ddc
_cLBS1
999 _c55884
_d55884